00705cam a22002053a 450000100060000000300060000600500170001200800410002904000150007004200070008505000070009224501800009926000290027950600300030851600200033865300410035870000290039983000290042885600420045722639PGUSA20140828083500.0070916s2007||||xxu|||||s|||||000 | eng d aPGUSAbeng adc 4aAG10aNotes and Queries, Number 68, February 15, 1851 :bA Medium of Inter-communication for Literary Men, Artists, Antiquaries, Genealogists, etc.h[electronic resource] /cVarious bProject Gutenberg,c2007 aPublic domain in the USA. aElectronic text aQuestions and answers -- Periodicals1 aBell, George,d1814-1890 0aProject Gutenbergv2263940uhttp://www.gutenberg.org/ebooks/22639